000 00593nam a2200181 i 4500
001 85377
003 ES-MaACL
005 20240125063135.0
007 t|
008 041126s1938 ag ||||1| spa d
100 1 _aJoyce, James,
_d1882-1941
_967077
245 1 0 _aDesterrados
_b: ("Exiles") : comedia en tres actos /
_cJames Joyce ; [traducción directa de A. jiménez Fraud].
260 _aBuenos Aires :
_bSur,
_c[1938] (
_fLópez)
300 _a238 p. ;
_c19 cm.
700 1 _aJiménez Fraud, Alberto.
_966525
852 _aES-MaACL
_jB-10034
_bR.21315
999 _c85377
_d85377